| 000 | 00356nam a2200121 4500 | ||
|---|---|---|---|
| 008 | 180213b xxu||||| |||| 00| 0 eng d | ||
| 100 |
_926380 _aFr. Barcelon, Emeterio SJ |
||
| 245 |
_aMedical cure for cancer/ _cFr. Emeterio Barcelon, SJ |
||
| 260 |
_aPhilippines _bManila Bulletin _cc2017 |
||
| 300 | _apage 11. | ||
| 650 | 0 |
_926381 _aCancer. |
|
| 942 |
_2ddc _cPER |
||
| 999 |
_c8573 _d8573 |
||